The idea of pakistan / (Record no. 15837)
[ view plain ]
| 000 -LEADER | |
|---|---|
| fixed length control field | 02404nam a2200241 a 4500 |
| 001 - CONTROL NUMBER | |
| control field | ASIN081571503X |
| 005 - DATE AND TIME OF LATEST TRANSACTION | |
| control field | 20170105102926.0 |
| 008 - FIXED-LENGTH DATA ELEMENTS--GENERAL INFORMATION | |
| fixed length control field | 131212s2006 xxu eng d |
| 020 ## - INTERNATIONAL STANDARD BOOK NUMBER | |
| International Standard Book Number | 081571503X (paperback) |
| Terms of availability | $24.95 |
| 020 ## - INTERNATIONAL STANDARD BOOK NUMBER | |
| International Standard Book Number | 9780815715030 (paperback) |
| 040 ## - CATALOGING SOURCE | |
| Original cataloging agency | 0 |
| 050 04 - LIBRARY OF CONGRESS CALL NUMBER | |
| Classification number | DS376.9 |
| 082 04 - DEWEY DECIMAL CLASSIFICATION NUMBER | |
| Classification number | 954.91 |
| Author Mark | COH 2006 |
| 100 1# - MAIN ENTRY--PERSONAL NAME | |
| Personal name | Cohen, Stephen P. |
| 245 14 - TITLE STATEMENT | |
| Title | The idea of pakistan / |
| Statement of responsibility, etc. | Stephen P. Cohen. |
| 250 ## - EDITION STATEMENT | |
| Edition statement | 2nd ed. |
| 260 ## - PUBLICATION, DISTRIBUTION, ETC. | |
| Place of publication, distribution, etc. | [S.l.] : |
| Name of publisher, distributor, etc. | Brookings Institution Press, |
| Date of publication, distribution, etc. | 2006. |
| 300 ## - PHYSICAL DESCRIPTION | |
| Extent | 382 p. ; |
| Dimensions | 26 cm. |
| 520 ## - SUMMARY, ETC. | |
| Summary, etc. | Stephen Cohen updates his critically acclaimed book with a discerning view of significant recent events in the region, particularly the devastating earthquake in Kashmir and its after affects. The quake killed over 70,000 people and left another 3 million homeless in one of the most remote, inhospitable parts of the world. Cohen observes how the catastrophic event has affected Pakistan's political, military, and economic structures, as well as its relationships with other countries. Praise for the previous edition: "A lucid, penetrating and brilliantly constructed book on the state and nation of Pakistan. Cohen, an old South Asia hand, brings to the fore all his knowledge and expertise of one of America's most important allies in the war against terror." —Choice "Cohen's facts are indisputable, his logic cold and clear, and his omissions deliberate and meaningful." —Foreign Affairs "A singularly successful effort to explain Pakistan.... The intellectual power and rare insight with which the book breaks through the complexity of the subject rivals that of classics that have explained other societies posing a comparable challenge to understanding." —Middle East Journal "Cohen knows Pakistan well and his analysis is very perceptive." —Newsline (Karachi, Pakistan) "A personal, perceptive, and policy-oriented study of Pakistan. This is an important work, by a leading expert of South Asia." —Economic and Political Weekly (India) Book Review "[Cohen's] survey of how the country has developed and why it is at the crossroads it is now is most insightful and useful. A first class primer and more as I commence my work." —David B. Collins, high commissioner of Canada, Islamabad. |
| 650 #0 - SUBJECT ADDED ENTRY--TOPICAL TERM | |
| Topical term or geographic name entry element | Pakistan |
| 856 40 - ELECTRONIC LOCATION AND ACCESS | |
| Materials specified | Amazon.com |
| Uniform Resource Identifier | <a href="http://www.amazon.com/exec/obidos/ASIN/081571503X/chopaconline-20">http://www.amazon.com/exec/obidos/ASIN/081571503X/chopaconline-20</a> |
| 942 ## - ADDED ENTRY ELEMENTS (KOHA) | |
| Source of classification or shelving scheme | |
| Koha item type | Book |
| Withdrawn status | Lost status | Damaged status | Not for loan | Collection code | Permanent Location | Current Location | Shelving location | Date acquired | Total Checkouts | Full call number | Barcode | Checked out | Date last seen | Date last checked out | Price effective from | Koha item type |
|---|---|---|---|---|---|---|---|---|---|---|---|---|---|---|---|---|
| Centre for International Peace & Stability (CIPS) | Centre for International Peace & Stability (CIPS) | General Stacks | 10/02/2013 | 1 | 954.91 COH 2006 | CIPS0001939 | 11/12/2025 | 10/13/2025 | 10/13/2025 | 12/12/2013 | Book |
